=LDR 00000nam 2200000 4500 =001 NUTBA000000000005068 =005 20141018105327.0 =006 =007 =008 =020 ##$$a 978-979-518-565-9 =035 ##$$0010-101400000000298 =082 ##$$a 306-Mar-m =100 ##$$a Rafael Raga Maran =245 ##$$a Manusia & kebudayaan =260 ##$$a Jakarta $b Rineka Cipta $c 2002 =300 ##$$a xi,209 Hlm $c 21 Cm =850 ##$$a NBPNMAT =990 ##$$a 0001/BPAP-NTB/20142014 =990 ##$$a 0001/BPAP-NTB/20142015